000 00636cam a22002291 4500
999 _c7396
_d7396
001 7007531
003 GBCCL
005 20241126110627.0
008 771216s1958 tnu 000 0 eng
010 _a 58010534
035 _a(OCoLC)3499105
040 _aDLC
_cTxAbH
_dDLC
050 0 0 _aBS2586
_b.P4
082 _a226.3007
_bPET
100 1 _aPeterson, Hugh R.,
_d1903-
_913086
245 0 2 _aA study of the Gospel of Mark.
260 _aNashville,
_bConvention Press
_c[1958]
300 _a150 p.
_c19 cm.
630 0 0 _aBible.
_pMark
_vTextbooks.
_913087
906 _a7
_bcbc
_coclcrpl
_du
_encip
_f19
_gy-gencatlg
942 _2ddc
_cBK
_012